Bitka pri Vozokanoch

Bibliographic Details
Main Author: Šutka, Gabriel (Author)
Format: Article
Language:Slovak
PhysicalDescription:Mp., obr.
ISSN:1335-6550
Subjects:

MARC

LEADER 00000nab a2200000 a 4500
001 vtls001492541
003 SK-MaSNL
005 20260426084547.0
008 250505c2004 xo |||p||| |00 b|slo
015 |a SNBRB2005/02  |2 snkbucl 
035 |a (uuid)3b326a9a-1c63-4b12-a374-99be21105ee1 
035 |a urn:nbn:sk:snk-ab1kk8 
035 |a (urnnbn)urn:nbn:sk:snk:ar-004bir 
038 |a SNKBUCL 
040 |a SNKBUCL  |b slo  |c SNKBUCL  |e AACR2 
041 0 |a slo 
044 |a xo  |c SK 
080 |a 94(437.6):355.48  |x "1652"  |2 1997 
080 |a 94(439.2):355.48  |x "1652"  |2 1997 
080 |a 94(560):355.48  |x "1652"  |2 1997 
080 |a 355.48  |x (437.6)  |x "1652"  |2 1997 
100 1 |a Šutka, Gabriel  |4 aut  |9 346316 
245 1 0 |a Bitka pri Vozokanoch  |c Gabriel Šutka 
300 |b Mp., obr. 
648 7 |a 26.-27.8.1652  |2 snkbucl  |9 1457170 
648 7 |a 17. stor., 50. r.  |2 snkbucl  |9 1469635 
648 7 |a 1652  |2 snkbucl  |9 346317 
650 0 7 |a Veľké Vozany, bitka, 1652  |2 snkbucl  |9 91255 
651 7 |a Slovensko  |2 snkbucl  |9 14231 
651 7 |a Uhorsko  |2 snkbucl  |9 28673 
651 7 |a Malé Vozokany (Slovensko)  |2 snkbucl  |9 115515 
651 7 |a Veľké Vozokany (Slovensko)  |2 snkbucl  |9 207573 
651 7 |a Osmanská ríša  |x dejiny  |2 snkbucl  |9 56298 
773 0 |t Historická revue  |g Roč. XV, č. 11 (2004), s. 10-13  |x 1335-6550 
850 |a Slovenská národná knižnica 
852 |a Slovenská národná knižnica 
954 |a odborná, vedecká literatúra pôvodná (slovenská)  |2 lita 
958 |a article27 
958 |a TR 
958 |a OND 
958 |a EUIPO 
999 |c 2937713  |d 2939643